| 000 | 00339nam a22001457a 4500 | ||
|---|---|---|---|
| 003 | OSt | ||
| 005 | 20160727222421.0 | ||
| 008 | 160628b xxu||||| |||| 00| 0 eng d | ||
| 040 | _cTEST | ||
| 100 |
_91259 _aNarendranath, K.R |
||
| 245 | _aHere is the Answer | ||
| 260 |
_aTRIVANDRUM _c1999 |
||
| 300 | _aHere is the Answer | ||
| 942 |
_2ddc _cBK |
||
| 999 |
_c1032 _d1032 |
||